Architecture theory (Record no. 353490)
[ view plain ]
| 000 -LEADER | |
|---|---|
| fixed length control field | 02016nam a22002537a 4500 |
| 003 - CONTROL NUMBER IDENTIFIER | |
| control field | OSt |
| 005 - DATE AND TIME OF LATEST TRANSACTION | |
| control field | 20180116192409.0 |
| 008 - FIXED-LENGTH DATA ELEMENTS--GENERAL INFORMATION | |
| fixed length control field | 120712t 2011xxu||||| |||| 00| 0 eng d |
| 020 ## - INTERNATIONAL STANDARD BOOK NUMBER | |
| International Standard Book Number | 3836531984 (paperback) |
| 020 ## - INTERNATIONAL STANDARD BOOK NUMBER | |
| International Standard Book Number | 9783836531986 (paperback) |
| 040 ## - CATALOGING SOURCE | |
| Transcribing agency | 0 |
| 082 ## - DEWEY DECIMAL CLASSIFICATION NUMBER | |
| Classification number | 720.1 |
| 245 10 - TITLE STATEMENT | |
| Title | Architecture theory |
| Remainder of title | from the Renaissance to the presentfrom the Renaissance to the present 89 essays on 117 treatises/ |
| Statement of responsibility, etc. | With a Preface by Bernd Evers and an Introduction by Christof Thoenes |
| Medium | VOL -1 |
| 260 ## - PUBLICATION, DISTRIBUTION, ETC. | |
| Place of publication, distribution, etc. | Hohenzollernring : |
| Name of publisher, distributor, etc. | Taschen. |
| Date of publication, distribution, etc. | 2011. |
| 300 ## - PHYSICAL DESCRIPTION | |
| Extent | 399 p. : |
| Other physical details | ill . |
| Dimensions | 26 cm. |
| 520 ## - SUMMARY, ETC. | |
| Summary, etc. | Architects on their favorite subject If you’ve ever wondered what goes through architects’ minds when they design buildings, you’ll be happy to know that there’s no shortage of brilliant reading material to satisfy your curiosity. Wading through the archives at your local library may prove fruitful to your endeavor, but it won’t give you the instant gratification that Architecture Theory will. This book brings together all of the most important and influential essays about architecture written since the Renaissance, copiously illustrated and neatly organized chronologically by country. From Alberti and Palladio to Le Corbusier and Koolhaas, the best treatises by architecture’s greatest masters are gathered here, each accompanied by an essay discussing its historical context and significance. This is the all-in-one, must-have book for anyone interested in what architects have to say about their craft. The comprehensive overview that will help transform even the most uninformed novices into well-informed connoisseurs! |
| 650 ## - SUBJECT ADDED ENTRY--TOPICAL TERM | |
| Topical term or geographic name entry element | Architecture |
| General subdivision | Historiography |
| 9 (RLIN) | 5598 |
| 650 ## - SUBJECT ADDED ENTRY--TOPICAL TERM | |
| Topical term or geographic name entry element | Architecture |
| General subdivision | Philosophy |
| 9 (RLIN) | 5599 |
| 700 ## - ADDED ENTRY--PERSONAL NAME | |
| Personal name | Evers, Bernd. |
| 9 (RLIN) | 5600 |
| 700 ## - ADDED ENTRY--PERSONAL NAME | |
| Personal name | Thoenes, Christof. |
| 9 (RLIN) | 5601 |
| 942 ## - ADDED ENTRY ELEMENTS (KOHA) | |
| Source of classification or shelving scheme | |
| Koha item type | Reference |
| Withdrawn status | Lost status | Source of classification or shelving scheme | Materials specified (bound volume or other part) | Damaged status | Not for loan | Permanent Location | Current Location | Date acquired | Total Checkouts | Full call number | Barcode | Date last seen | Copy number | Cost, replacement price | Price effective from | Koha item type | Total Renewals | Date last checked out |
|---|---|---|---|---|---|---|---|---|---|---|---|---|---|---|---|---|---|---|
| Vol .1 | School of Art Design and Architecture (SADA) | School of Art Design and Architecture (SADA) | 07/11/2012 | REF 720.1 ARC 2011 | SADA0001688 | 08/28/2013 | 01 | 1722.00 | 07/12/2012 | Reference | ||||||||
| Vol .1 | School of Art Design and Architecture (SADA) | School of Art Design and Architecture (SADA) | 08/06/2012 | 720.1 ARC 2011 | SADA0001762 | 01/05/2017 | 02 | 0.00 | 01/05/2017 | Book | ||||||||
| Vol .1 | School of Art Design and Architecture (SADA) | School of Art Design and Architecture (SADA) | 08/06/2012 | 3 | 720.1 ARC 2011 | SADA0001763 | 12/30/2025 | 03 | 0.00 | 08/08/2012 | Book | 6 | 04/18/2025 |
